000 00535nam a2200169Ia 4500
005 20250508155559.0
008 008 250505s9999 xx 000 0 eng d
037 _aBooks to be hide in OPAC
040 _aFEDL
_beng
_cFEDL
041 _aeng
_2eng
084 _a379.5425, UNI/O
_qFEDL
245 0 _aGeneral report on public instruction in the United Provinces of Agra and Oudh for the year ending 31st March, 1923
260 _c1928
300 _a41p.
942 _cHB
_h379.5425, UNI/O
999 _c1357963
_d1357963